Cigarra.
Bewaard in:
| Hoofdauteur: | |
|---|---|
| Formaat: | Onbekend |
| Gepubliceerd in: |
Albolote, España:
Barbara Fiore Editora,
2018.
|
| Onderwerpen: | |
| Tags: |
Voeg label toe
Geen labels, Wees de eerste die dit record labelt!
|
MARC
| LEADER | 00000 a2200000 4500 | ||
|---|---|---|---|
| 003 | CL-VaPUC | ||
| 005 | 20250410122626.0 | ||
| 008 | 230719t2018 ||||| |||| 00| 0 eng d | ||
| 999 | |c 441185 |d 441183 | ||
| 020 | |a 9788416985067 | ||
| 040 | |c Pontificia Universidad Católica de Valparaíso | ||
| 082 | 7 | |a A823 TAN 2018 |2 22 | |
| 100 | |a Tan, Shaun |9 603033 |e autor | ||
| 245 | |a Cigarra. | ||
| 260 | |a Albolote, España: |b Barbara Fiore Editora, |c 2018. | ||
| 300 | |a sin paginación; |b ilustraciones. | ||
| 583 | |k GC |c 20230719 | ||
| 650 | 0 | |a Literatura infantil australiana |9 315909 |x Cuentos | |
| 942 | |2 ddc |c BK | ||
| 952 | |0 0 |1 0 |2 ddc |4 0 |6 A_823_000000000000000_TAN_2018 |7 0 |8 A |9 590807 |a BIBEDU |b BIBEDU |c GEN |d 2023-07-10 |e 3 |g 20617.00 |i 5658009 |l 2 |o A823 TAN 2018 |p 5658009 |r 2024-09-23 |s 2024-09-06 |t 1 |v 20617.00 |w 2023-07-10 |y BK |k LIT | ||